Liste des noms de Pokémon finissant par L - Statistiques

Statistiques générales
  • Ce quiz a été pris 66 fois
  • Le résultat moyen est 20 sur 49
Statistiques - réponses
Pokémon % Correct
Compagnol
65%
Famignol
65%
Palmaval
65%
Roussil
61%
Yveltal
61%
Azumarill
52%
Azurill
52%
Cotovol
52%
Crocrodil
52%
Floravol
52%
Granivol
52%
Melmetal
52%
Reptincel
52%
Tarsal
52%
Zapétrel
52%
Clamiral
48%
Étourvol
48%
Marill
48%
Spectreval
48%
Amassel
43%
Crocogril
43%
Gigansel
43%
Scorvol
43%
Terhal
43%
Absol
39%
Blizzeval
39%
Roucool
39%
Sorbouboul
39%
Dispareptil
35%
Granbull
35%
Hexagel
35%
Manternel
35%
Paragruel
35%
Registeel
35%
Sorboul
35%
Tentacool
35%
Tentacruel
35%
Terracool
35%
Terracruel
35%
Couafarel
30%
Mimigal
30%
Pifeuil
30%
Sinistrail
30%
Snubbull
30%
Croâporal
26%
Parecool
26%
Séracrawl
17%
Coquiperl
13%
Draïeul
13%
Aucun quiz correspondant
Distribution des résultats
% des personnes avec chaque résultat
Percentile par nombre de réponses
Votre historique - résultats
Vous n’avez pas pris ce quiz